00393nam a22001457a 4500003000500000038001100005082001800016100002300034245003900057260004200096300001300138500001500151880004400166880003700210NUST awaseem a891.4391bQAD aQadri, Abdul Qadir aNaseem-e-Ijaz /cAbdul Qadir Qadri aLahore :bKhazina Ilam w Adab,c2009. a112 p. ; aHardcover. 6100-02\raعبدالقادر قادری 6245-02\raنسیمِ حجاز /